|
|
|
|
| LEADER |
00715cam a2200181 7i4500 |
| 001 |
0000010239 |
| 005 |
20080423090000.0 |
| 090 |
0 |
0 |
|a P 630
|b PLA
|
| 245 |
0 |
0 |
|a Plants and young plant material :
|b Volume 2. EU - Market Survey 2001.
|
| 260 |
0 |
0 |
|a Rotterdam:
|b Centre For The Promotion of Imports From Developing Countries,
|c 2001.
|
| 300 |
# |
# |
|a 91 p.
|
| 440 |
0 |
0 |
|a EU Market Survey 2001
|
| 500 |
0 |
0 |
|a Volume 1. EU - Strategic Marketing Guide 2001
|
| 500 |
0 |
0 |
|a Volume 2. EU - Market Survey 2001
|
| 650 |
0 |
0 |
|a Plants --
|x Marketing --
|z European Union
|
| 651 |
0 |
0 |
|a European Union
|
| 710 |
2 |
1 |
|a Centre For The Promotion of Imports From Developing Countries (CBI)
|
| 999 |
|
|
|a 0000012748
|b Book
|c Products
|e Business Information Centre
|